000 01167cam a2200265 i 4500
001 118031
005 20230410142359.0
008 140923s2012 fr r 000 0 fre d
020 _a9782848995571
041 0 _afre
050 1 4 _a
_bH567 2012
100 1 _aHerring, Jonathan
245 1 0 _aComment persuader les autres dans toutes les situations /
_cJonathan Herring
260 _aFrance :
_bLeduc.S ,
_c2012
300 _a1 vol. (233 p.) :
_b23 cm.
490 1 _aZen business
505 0 _aP. 1. Les 10 Règles D' or -- P. 2. Les Cas De Conflits Les Plus Courants
520 _aSavoir partager votre point de vue est fondamental si vous souhaitez être respecté et percu comme une personne dont l' avis mérite d' être entendu mais hausser le ton ou imposer sa volonté n' est jamais une bonne stratégie. Grâce à ce guide, vous réussirez à convaincre tout en améliorant vous relations avec les autres. Car ce n' est pas contradictoire.
650 0 _aCommunication interpersonnelle.
650 0 _aPersuasion (psychologie)
650 0 _aCommunication dans les organisations.
700 1 _aH. Paget, Jacques
942 _2lcc
_cbk
946 _aIMRO
999 _c94653
_d94653